000 00450nam a22001457a 4500
005 20140225130032.0
008 140225b xxu||||| |||| 00| 0 eng d
050 _aBX3702.1
_bG356
100 _aGerard, John
_98912
245 _aThe secret instructions, monita secreta, of the Jesuits (1901)
_cGerard, John
260 _aLondon
_bCatholic Truth Society
_c1901
300 _a19p.;
_c28cm.
700 _aGerard, John
_98913
942 _2lcc
_cMONOGRAPH
999 _c120155
_d120155